000 00299nam a22001337a 4500
008 170912b xxu||||| |||| 00| 0 eng d
020 _a072168341-X
041 _aeng
080 _23RD
_a53
100 _a43
101 _aFIZ
245 _aPHYSICS IN NUCLEAR MEDICINE
_cCHERRY,S.R
942 _2udc
_cBK
999 _c27300
_d27300